| 000 | 00000nam##2200000za#4500 |
| 001 | 9.640756 |
| 003 | CaOODSP |
| 005 | 20210624222828 |
| 007 | cr ||||||||||| |
| 008 | 150407|2010||||xxc|||||o f|0| 0 fre|d |
| 020 | |a978-1-55465-750-6 |
| 040 | |aCaOODSP|bfre |
| 043 | |an-cn--- |
| 086 | 1 |aH118-78/2010F-PDF |
| 110 | 1 |aCanada. |bInstitut canadien d'information sur la santé. |
| 245 | 10|aLes technologues en radiation médicale et leur milieu de travail |h[ressource électronique] |
| 260 | |aOttawa - Ontario : |bInstitut canadien d'information sur la santé |cc2010. |
| 300 | |a114p.|bfigures, graphiques, références, tableaux |
| 590 | |a12-38-Supp|b2012-09-27 |
| 691 | 07|aMain-d'oeuvre|2gcpds |
| 691 | 07|aTechnologie médicale|2gcpds |
| 691 | 07|aMilieu de travail|2gcpds |
| 775 | 08|tMedical radiation technologists and their work environment |w(CaOODSP)9.696646 |
| 856 | 40|ahttp://publications.gc.ca|qPDF|s1.61 Mo|uhttps://publications.gc.ca/collections/collection_2012/icis-cihi/H118-78-2010-fra.pdf |